Last F1 Car Of Every Formula One Constructor Since 1990 - Statistics

General Stats
  • This quiz has been taken 13 times
  • The average score is 27 of 65
Answer Stats
Picture Answer % Correct
McLaren
100%
Aston Martin
83%
Ferrari
83%
Force India
83%
Racing Point
83%
Red Bull
83%
Renault
83%
Alfa Romeo
67%
Alpha Tauri
67%
Alpine
67%
Audi
67%
Brawn
67%
Cadillac
67%
Haas
67%
Jaguar
67%
Jordan
67%
Lotus
67%
Lotus
67%
Mercedes
67%
Prost
67%
Racing Bulls
67%
Sauber
67%
Spyker
67%
Stake
67%
Toro Rosso
67%
Toyota
67%
Williams
67%
Arrows
50%
Benetton
50%
BMW-Sauber
50%
Caterham
50%
Manor
50%
Midland
50%
Virgin
50%
BAR
33%
Honda
33%
HRT
33%
Ligier
33%
Marussia
33%
Minardi
33%
Stewart
33%
Super Aguri
33%
Lambo (Modena Team)
17%
Leyton House
17%
Life
17%
Lola
17%
Lotus
17%
Simtek
17%
AGS
0%
Andrea Moda
0%
Brabham
0%
Coloni
0%
Dallara
0%
De Tomaso
0%
Eurobrun
0%
Fondmetal
0%
Footwork
0%
Forti
0%
Larrousse
0%
March
0%
Onyx
0%
Osella
0%
Pacific
0%
Tyrrell
0%
Venturi
0%
No matching quizzes found
Score Distribution
Percent of People with Each Score
Percentile by Number Answered
Your Score History
You have not taken this quiz